| 000 | 00992nam a22002657a 4500 | ||
|---|---|---|---|
| 003 | BCEG | ||
| 005 | 20260410134104.0 | ||
| 008 | 260410b2025 mx a||||||||||||||||spa d | ||
| 020 | _a9786073864213 | ||
| 040 |
_aBCEG _bspa _cBCEG |
||
| 082 | 0 | 4 |
_aI895.73 _bH233h |
| 100 | 1 |
_aHan, Kang, _d1970-. |
|
| 245 | 1 | 0 | _aHada del trueno, hada del relámpago. |
| 246 | _aPequeño hada del trueno, pequeño hada del relámpago. | ||
| 260 |
_aCiudad de México : _bPenguin Random House : Reservoir Books, _c2025. |
||
| 300 |
_a[30] p. : _bil. |
||
| 534 |
_pTítulo original: _t천둥 꼬마 선녀 번개 꼬마 선녀 [Jag-eun cheondung yojeong, jag-eun beongae yojeong = Pequeña hada del trueno, pequeña hada del relámpago]. |
||
| 535 | _aDisponible en la colección infantil de 4-6 años. | ||
| 541 | _aCompra. | ||
| 650 | 1 | 4 | _aCuentos infantiles coreanos. |
| 650 | 1 | 4 | _aFábulas infantiles coreanas. |
| 700 | 1 |
_aTae-Ram, Jin, _d1973-., _eil. |
|
| 700 | 1 |
_aYoon, Sunme, _etr. |
|
| 942 | _cBK | ||
| 999 |
_c437180 _d437180 |
||